00334pab a2200121 454500008004000000100002800040245006000068260000900128300001400137362001100151650001300162773003700175180718b2009 xxu||||| |||| 00| 0 eng d aGriffith, Rachel et al. aConsumer shopping behavior: how much do consumers save? c2009 ap.99-120. aSpring aConsumer aJournal of Economic Perspectives